Quiz le plus facile au monde n°4 - Statistiques

Statistiques générales
  • Ce quiz a été pris 439 fois
  • Le résultat moyen est 14 sur 15
Statistiques - réponses
Questions Indices Réponses % Correct
T'es un gars ou une fille ? ... M'en fout !
98%
Une capitale est-elle une ville ? Ça c'est difficile. Oui
98%
Combien de pattes à l'araignée ? Ce n'est pas un insecte. 8
97%
Coke ou Pepsi ? mmmh... Coke/Pepsi
97%
Quel est le pays des plus dangereux ? En Corée du ____ Corée du Nord
97%
Le Vatican est le plus grand pays du monde ? Vrai au faux Faux
97%
Quel est le nom du site ? Jet_unk Jetpunk
97%
Combien il y a de questions ? Compte... 15
96%
Combien y a-t'il de pays ? Choix multiples: a) 2 / b) 196 / c) Va plus étudier / d) 50 196
96%
C'est lequel le meilleur ? Poire ou Mangue Mangue
96%
La plus grosse capitale du monde ? TOKYO!!!! Tokyo
96%
Quel est le nombre maximal de points reçevables dans un quiz ? Le dénominateur est 5. 5
95%
Si x+10=21, que vaut "x" ? __+10=21 9
95%
Est-ce-que ce quiz peut te donner des points ? Finit le pour le savoir. Non
84%
Combien y a-t'il d'étapes pour faire un quiz ? Step 6 - Submit 6 étapes
79%
Aucun quiz correspondant
Distribution des résultats
% des personnes avec chaque résultat
Percentile par nombre de réponses
Votre historique - résultats
Vous n’avez pas pris ce quiz